| 000 | 00513nam a2200205Ia 4500 | ||
|---|---|---|---|
| 008 | 210210b1943 xxu||||| |||| 00| 0 eng d | ||
| 041 | _aeng | ||
| 082 | _a544/153 | ||
| 100 | _aSAND (Henry J S) | ||
| 245 | _aElectrochemistry and electrochemical analysis Vol III | ||
| 260 |
_aLondon _bBlackie & Son Ltd. _c1943 |
||
| 300 | _a118 | ||
| 650 | _aVol | ||
| 650 | _aII | ||
| 650 | _aElectrochemistry | ||
| 650 | _aelectrochemical | ||
| 650 | _aanalysis | ||
| 690 | _aPhysical Chemistry | ||
| 906 | _a009809 | ||
| 999 |
_c128108 _d128108 |
||